|
|
|
|
| LEADER |
00944nam a2200253 u 4500 |
| 001 |
10116981 |
| 003 |
upatras |
| 005 |
20210117205510.0 |
| 008 |
150717s1964 us eng |
| 020 |
|
|
|a 0631143157
|
| 040 |
|
|
|a GR-PaULI
|c GR-PaULI
|
| 041 |
0 |
|
|a eng
|
| 082 |
0 |
4 |
|a 330.09
|
| 245 |
1 |
0 |
|a A history of modern economic analysis
|c Roger Backhouse
|
| 260 |
|
|
|a New York
|b B. Blackwell
|c 1985
|
| 300 |
|
|
|a xii, 520 σ.
|c 24 εκ.
|
| 504 |
|
|
|a Περιέχει βιβλιογραφία
|
| 650 |
|
4 |
|a Οικονομία
|x Ιστορία
|9 3523
|
| 700 |
1 |
|
|a Backhouse, Roger
|d 1951-
|4 aut
|9 112487
|
| 852 |
|
|
|a GR-PaULI
|b ΠΑΤΡΑ
|b ΒΚΠ
|b ΒΣ1
|k ΑΣΧΞ
|h 330.09 BAC
|m 123056
|p 025000239293
|t 1
|
| 942 |
|
|
|2 ddc
|c BK15
|
| 952 |
|
|
|0 0
|1 0
|4 0
|6 330_090000000000000_BAC
|7 0
|9 181711
|a LISP
|b LISP
|c BSC
|d 2016-04-24
|i 123056
|l 0
|o 330.09 BAC
|p 025000239293
|r 2016-04-24 00:00:00
|t 1
|w 2016-04-24
|y BK15
|
| 998 |
|
|
|c ΜΠΟΥΡΑΣ
|d 2015-07
|
| 999 |
|
|
|c 112312
|d 112312
|